01350cam a2200349 a 4500001001400000003000800014005001700022006001900039007001500058008004100073020003800114040003000152049002600182050002400208082001400232100003100246245006600277260002700343300005100370504005100421520022300472521001700695588004700712650001200759650002700771655002900798710001600827776003500843856008700878942001600965999001900981EDZ0000072080StDuBDS20161031105212.0m||||||||d||||||||cr |||||||||||120412s2007 enkac fo| 001|0|eng d a9781446222270 (ebook) :cNo price aStDuBDSbengcStDuBDSepn aAlfaisal Main Library 0aHV8196.A3bM35 200704a363.22231 aMcLaughlin, Eugene,d1959-14aThe new policingh[electronic resource] /cEugene McLaughlin. aLondon :bSAGE,c2007. a1 online resource (xv, 246 p.) :bill., ports. aIncludes bibliographical references and index.8 a'The New Policing' provides an introduction to the critical issues confronting policing today. It incorporates an overview of traditional approaches to the study of the police with a discussion of current perspectives. aSpecialized. aDescription based on print version record. 0aPolice. 0aPolice administration. 7aElectronic books.2local2 aSage eBooks08iPrint version :z978080398905440uhttp://ezproxy.alfaisal.edu/login?url=http://sk.sagepub.com/books/the-new-policing 2lcccEBOOKS c481600d481600